Fetal and neonatal physiology/ (Record no. 122220)

MARC details
000 -LEADER
fixed length control field 01212nam a2200349 a 4500
008 - FIXED-LENGTH DATA ELEMENTS--GENERAL INFORMATION
fixed length control field
020 ## - INTERNATIONAL STANDARD BOOK NUMBER
International Standard Book Number 9780323352147 (hardback)
040 ## - CATALOGING SOURCE
Original cataloging agency NUST
Transcribing agency NUST
049 ## - LOCAL HOLDINGS (OCLC)
Holding library MAIN
090 ## - LOCALLY ASSIGNED LC-TYPE CALL NUMBER (OCLC); LOCAL CALL NUMBER (RLIN)
Classification number (OCLC) (R) ; Classification number, CALL (RLIN) (NR) RG610
Local cutter number (OCLC) ; Book number/undivided call number, CALL (RLIN) FET
003 - CONTROL NUMBER IDENTIFIER
control field
005 - DATE AND TIME OF LATEST TRANSACTION
control field 20230120204400.0
245 #0 - TITLE STATEMENT
Title Fetal and neonatal physiology/
Statement of responsibility, etc. edited by Richard A Polin ; William E Benitz ; Steven H Abman ; William W Fox & David H Rowitch.
250 ## - EDITION STATEMENT
Edition statement Fifth edition.
260 ## - PUBLICATION, DISTRIBUTION, ETC.
Place of publication, distribution, etc. Philadelphia, PA :
Name of publisher, distributor, etc. Elsevier,
Date of publication, distribution, etc. 2017.
300 ## - PHYSICAL DESCRIPTION
Extent xxxvii, 953 pages :
Other physical details illustrations (chiefly colour) ;
Dimensions 29 cm.
336 ## - CONTENT TYPE
Content type term text
Content type code txt
Source rdacontent
337 ## - MEDIA TYPE
Media type term unmediated
Media type code n
Source rdamedia
338 ## - CARRIER TYPE
Carrier type term volume
Carrier type code nc
Source rdacarrier
500 ## - GENERAL NOTE
General note Includes index.
504 ## - BIBLIOGRAPHY, ETC. NOTE
Bibliography, etc. note Includes bibliographical references.
650 #1 - SUBJECT ADDED ENTRY--TOPICAL TERM
Topical term or geographic name entry element Fetus physiology.
650 ## - SUBJECT ADDED ENTRY--TOPICAL TERM
Topical term or geographic name entry element Infant, Newborn
General subdivision physiology.
650 ## - SUBJECT ADDED ENTRY--TOPICAL TERM
Topical term or geographic name entry element Maternal-Fetal Exchange
General subdivision physiology.
700 ## - ADDED ENTRY--PERSONAL NAME
Personal name Polin, Richard A.,
-- editor.
700 ## - ADDED ENTRY--PERSONAL NAME
Personal name Benitz, William E.,
-- editor.
700 ## - ADDED ENTRY--PERSONAL NAME
Personal name Abman, Steven H.,
-- editor.
700 ## - ADDED ENTRY--PERSONAL NAME
Personal name Fox, William W.,
-- editor.
700 ## - ADDED ENTRY--PERSONAL NAME
Personal name Rowitch, David H.,
-- editor.
907 ## - LOCAL DATA ELEMENT G, LDG (RLIN)
a .b10420551
b 19-01-23
c 19-01-23
942 ## - ADDED ENTRY ELEMENTS (KOHA)
Koha item type Ordinary Loan Books
Call number prefix RG610
Call number suffix FET
Holdings
Date last seen Total Checkouts Full call number Barcode Cost, replacement price Price effective from Koha item type Lost status Source of classification or shelving scheme Damaged status Not for loan Collection Withdrawn status Home library Current library Shelving location Date acquired Cost, normal purchase price
01/20/2023   RG610 FET 92004051964 80.00 01/20/2023 BOOKS   LCC     NFIC   Medical Medical GEN 01/20/2023 80.00